Entry Personal Name
Number of records used in: 1
001 - CONTROL NUMBER
003 - CONTROL NUMBER IDENTIFIER
005 - DATE AND TIME OF LATEST TRANSACTION
- control field:
20250530155035.0
008 - FIXED-LENGTH DATA ELEMENTS
- fixed length control field:
810629n| azannaabn |n aaa
010 ## - LIBRARY OF CONGRESS CONTROL NUMBER
- LC control number:
n 81064467
016 ## - NATIONAL BIBLIOGRAPHIC AGENCY CONTROL NUMBER
- Record control number:
1018D2426E
035 ## - SYSTEM CONTROL NUMBER
- System control number:
(OCoLC)oca00609843
040 ## - CATALOGING SOURCE
- Original cataloging agency:
DLC
- Language of cataloging:
eng
- Description conventions:
rda
- Transcribing agency:
DLC
- Modifying agency:
DLC
- Modifying agency:
OCoLC
- Modifying agency:
DLC
- Modifying agency:
CaOONL
042 ## - AUTHENTICATION CODE
100 1# - HEADING--PERSONAL NAME
- Personal name:
Libby, Robert
372 ## - FIELD OF ACTIVITY
- Field of activity:
Accounting
- Source of term:
lcsh
373 ## - ASSOCIATED GROUP
- Associated group:
Cornell University
- Source of term:
naf
377 ## - ASSOCIATED LANGUAGE
670 ## - SOURCE DATA FOUND
- Source citation:
His Accounting and human info. processing, 1981:
- Information found:
t.p.(Robert Libby, Univ. of Mich.)
670 ## - SOURCE DATA FOUND
- Source citation:
Financial accounting, 2007:
- Information found:
CIP t.p. (Robert Libby, Cornell Univ.)